[Event "VI Festival Grand Hotel Adriatico A"]
[Site "Montesilvano ITA"]
[Date "2015.03.08"]
[Round "5"]
[White "Carnicelli, Valerio"]
[Black "Cappai, Davide"]
[WhiteElo "2148"]
[BlackElo "2249"]
[Result "0-1"]
[PlyCount "50"]
[EventDate "2015.03.07"]

1. e4 c5 2. Nf3 Nc6 3. d4 cxd4 4. Nxd4 g6 5. Nc3 Bg7 6. Be3 Nf6 7. Nxc6 bxc6 8.
e5 Ng8 9. f4 Nh6 10. Qd2 O-O 11. O-O-O Qa5 12. h3 Rb8 13. a3 f6 14. Bc4+ Nf7
15. Rhf1 e6 16. exf6 Bxf6 17. Bb3 d5 18. Kb1 Ba6 19. Nxd5 Qxd5 20. Bxd5 Rxb2+
21. Kc1 cxd5 22. Bd4 Rfb8 23. Bxb2 Bxb2+ 24. Kb1 Bc3+ 25. Kc1 Bxd2+ 0-1

[Event "VI Festival Grand Hotel Adriatico A"]
[Site "Montesilvano ITA"]
[Date "2015.03.08"]
[Round "5"]
[White "Gromovs, Sergejs"]
[Black "Lantini, Marco"]
[WhiteElo "2144"]
[BlackElo "2095"]
[Result "1-0"]
[PlyCount "93"]
[EventDate "2015.03.07"]

1. d4 Nf6 2. c4 e6 3. Nf3 b6 4. a3 Ba6 5. Qc2 Bb7 6. Nc3 c5 7. d5 exd5 8. cxd5
Nxd5 9. Nxd5 Bxd5 10. e4 Be6 11. Bf4 Nc6 12. Ba6 Be7 13. Bb7 Rb8 14. Bxc6 dxc6
15. Rd1 Qc8 16. Bxb8 Qxb8 17. O-O O-O 18. Qc3 Qf4 19. Qe5 Qf6 20. Qxf6 Bxf6 21.
e5 Be7 22. Rfe1 Bd5 23. Nd2 c4 24. Ne4 Rb8 25. f4 Be6 26. h3 h5 27. Nd6 g6 28.
Rf1 Bd5 29. Nb5 Bc5+ 30. Kh2 Be4 31. Nc3 Bd3 32. Rf3 Bd4 33. Rd2 b5 34. Na2 c5
35. g4 hxg4 36. hxg4 g5 37. b4 Be4 38. bxc5 Bxc5 39. Rh3 gxf4 40. Nc3 Bd3 41.
Nd5 Bd4 42. Ne7+ Kf8 43. Nc6 Be3 44. Rxd3 cxd3 45. Rh8+ Kg7 46. Rxb8 d2 47. Rd8
1-0

[Event "VI Festival Grand Hotel Adriatico A"]
[Site "Montesilvano ITA"]
[Date "2015.03.08"]
[Round "5"]
[White "Marsili, Riccardo"]
[Black "Martorelli, Antonio"]
[WhiteElo "2210"]
[BlackElo "2284"]
[Result "0-1"]
[PlyCount "44"]
[EventDate "2015.03.07"]

1. c4 e5 2. g3 Nf6 3. Bg2 c6 4. Nc3 d5 5. cxd5 cxd5 6. Qb3 Nc6 7. Nxd5 Nd4 8.
Nxf6+ gxf6 9. Qd1 Qc7 10. Kf1 Nc2 11. Rb1 Be6 12. b3 Rc8 13. Bb2 Ba3 14. Bc3
Nb4 15. Bxb4 Bxb4 16. Nf3 O-O 17. Ne1 Rfd8 18. Nd3 Ba3 19. f3 Bf5 20. e4 Rxd3
21. exf5 Rcd8 22. Ke2 Qd6 0-1

[Event "VI Festival Grand Hotel Adriatico A"]
[Site "Montesilvano ITA"]
[Date "2015.03.08"]
[Round "5"]
[White "Orfini, Nicolo'"]
[Black "Capitelli, Paolo"]
[WhiteElo "1925"]
[BlackElo "2058"]
[Result "1-0"]
[PlyCount "131"]
[EventDate "2015.03.07"]

1. e4 c5 2. Nf3 e6 3. d4 cxd4 4. Nxd4 Nf6 5. Bd3 Qb6 6. Nb3 d6 7. Be3 Qc7 8.
Nc3 a6 9. Qe2 b5 10. O-O Bb7 11. f3 Nbd7 12. Rad1 Be7 13. Qf2 O-O 14. Qg3 Kh8
15. a4 b4 16. Ne2 Rac8 17. Qh3 Ne5 18. Nbd4 g6 19. Rc1 Qd7 20. Rfd1 Nxd3 21.
Rxd3 e5 22. Qxd7 Nxd7 23. Nb3 f5 24. exf5 gxf5 25. c3 d5 26. Bf2 Bg5 27. Rcd1
bxc3 28. Nxc3 d4 29. Ne2 Bf6 30. h3 Bd5 31. Nexd4 exd4 32. Bxd4 Bc4 33. Re3
Bxd4 34. Nxd4 Nb6 35. b3 Bg8 36. Re5 Rcd8 37. Rd2 Rd7 38. Re1 Rfd8 39. Red1 Nc8
40. Kf2 Ne7 41. Ke1 f4 42. b4 Bc4 43. h4 Ng6 44. h5 Ne5 45. Ne2 Bxe2 46. Kxe2
Rxd2+ 47. Rxd2 Rxd2+ 48. Kxd2 Kg7 49. Kc3 Kf6 50. Kd4 Kf5 51. a5 Ke6 52. Kc5
Nd3+ 53. Kc4 Ne5+ 54. Kc5 h6 55. Kb6 Nd3 56. b5 axb5 57. a6 Nb4 58. a7 Nd5+ 59.
Kb7 b4 60. a8=Q Ke5 61. Qe8+ Kd4 62. Qb5 Ne3 63. Qxb4+ Ke5 64. Qe4+ Kf6 65.
Qxf4+ Nf5 66. g4 1-0

[Event "VI Festival Grand Hotel Adriatico A"]
[Site "Montesilvano ITA"]
[Date "2015.03.08"]
[Round "5"]
[White "Santinelli, Michele"]
[Black "Maksimovic, Miodrag"]
[WhiteElo "1926"]
[BlackElo "2030"]
[Result "1-0"]
[PlyCount "139"]
[EventDate "2015.03.07"]

1. d4 Nf6 2. Bg5 e6 3. Nd2 Be7 4. Ngf3 b6 5. e3 Bb7 6. Bd3 d6 7. O-O Nbd7 8. e4
h6 9. Be3 Ng4 10. Bf4 e5 11. dxe5 Ngxe5 12. Nxe5 Nxe5 13. Bxe5 dxe5 14. Bb5+ c6
15. Bc4 O-O 16. Qe2 b5 17. Bb3 Qb6 18. Nf3 Bf6 19. Rfd1 a5 20. a3 a4 21. Ba2 b4
22. axb4 Qxb4 23. c3 Qb6 24. Rd7 Ba6 25. Qc2 Bc8 26. Rd6 Qc5 27. Rad1 Ba6 28.
h3 Bb5 29. Nh2 h5 30. c4 Ra5 31. Qe2 Be7 32. Rd7 Ba6 33. Qxh5 Bc8 34. R7d3 g6
35. Qh6 Bf6 36. Ng4 Bg7 37. Qg5 f5 38. exf5 Bxf5 39. Re3 Raa8 40. Nh6+ Kh7 41.
Nxf5 Rxf5 42. Qh4+ Rh5 43. Qg3 Rf8 44. Bb1 Rf6 45. Qg4 Rff5 46. Bxf5 Rxf5 47.
Rd7 Kh6 48. Qh4+ Rh5 49. Qe7 Qxe7 50. Rxe7 e4 51. Re2 Re5 52. Rxe5 Bxe5 53. Kf1
Kg5 54. Ke1 Kf4 55. Kd2 Bxb2 56. Kc2 Bd4 57. Kb1 Bc5 58. Ka2 e3 59. fxe3+ Ke4
60. h4 Be7 61. g3 Bd6 62. g4 Kf3 63. Rd2 Bb4 64. Rb2 Be7 65. h5 gxh5 66. gxh5
Bg5 67. Rb6 c5 68. h6 Bxe3 69. Rf6+ Kg4 70. h7 1-0